Movies Missing 'E' Words Quiz Stats

 Plays Quiz Updated Nov 30, 2019

Score 0/18 Timer 03:00
28 Plays Today
Hint Answer % Correct
Edward
97.9%
Enemy
96.1%
Elm
95.1%
Escape
89.3%
Encounters
88.9%
Eternal
87.5%
Emperor
86.5%
Eagle
86.4%
English
85.1%
Hint Answer % Correct
Eve
83.9%
Edgar
81%
Excellent
79.4%
Empire
77%
Elephant
69.8%
Enemies
66.4%
Eddie
64.9%
Earth
64.5%
Estate
30.7%

You're not logged in!

Compare scores with friends on all Sporcle quizzes.
OR
Log In

Sporcle TV

Today on Sporcle TV


Watch our educational content, quiz creation guides, and fun videos on Sporcle TV.

Show Comments

Extras

Top Quizzes Today


Score Distribution

Your Account Isn't Verified!

In order to create a playlist on Sporcle, you need to verify the email address you used during registration. Go to your Sporcle Settings to finish the process.

Report this User

Report this user for behavior that violates our Community Guidelines.

Details: